000
00260nam a2200097Ia 4500
001
652730
005
20250826154444.0
008
250824s9999 xx 000 0 und d
245
0
_a
GELİNCİK DİZ/UÇAN MOTOR
_c
GÜLTEN DAYIOĞLU
260
_b
ALTIN KİTAP YAYINLARI
999
_c
652730
_d
652730